| 000 | 00493nam a22002057a 4500 | ||
|---|---|---|---|
| 005 | 20230601111915.0 | ||
| 008 | 170208b xxu||||| |||| 00| 0 eng d | ||
| 020 |
_a0752863800 _c6.99 |
||
| 040 | _aLoreto College | ||
| 041 | _aEnglish | ||
| 082 |
_aF _bCON |
||
| 100 | _aConnelly,Michael | ||
| 245 |
_aThe Narrows _cMichael Connelly |
||
| 260 |
_aLondon _bOrion Books _c2004 |
||
| 300 |
_a392p. _b2cm |
||
| 504 | _aPrice in Pound | ||
| 650 | _aFiction | ||
| 850 | _aLCLIB | ||
| 942 | _cBK | ||
| 999 |
_c40881 _d91360 |
||